| 000 | 01022nam a2200325 i 4500 | ||
|---|---|---|---|
| 001 | 000044073 | ||
| 003 | DO-SdBNP | ||
| 005 | 20250707112615.0 | ||
| 007 | ta | ||
| 008 | 140515s1994 sp 000 0 spa d | ||
| 020 | _a8420652288 | ||
| 040 |
_aDO-SdBNP _bspa _cBNPHU _erda |
||
| 041 | _hspa | ||
| 082 | 4 |
_a330.03 _bT153di _222 |
|
| 100 | 1 |
_aTamames, Ramón, _d1933- _932192 _eautor |
|
| 245 | 1 | 0 |
_aDiccionario de economía y finanzas / _cRamón Tamames, Santiago Gallego. |
| 264 |
_aMadrid : _bAlianza, _c©1994. |
||
| 300 |
_axxvi, 927 páginas : _bilustraciones ; _c24 cm. |
||
| 336 |
_2rdacontent _atexto _btxt |
||
| 337 |
_2rdamedia _asin mediación _bn |
||
| 338 |
_2rdacarrier _avolumen _bnc |
||
| 490 | 0 | _aAlianza diccionarios | |
| 504 | _aBibliografía : páginas 923-927 | ||
| 590 | _aInventariado, 2024/BT | ||
| 650 | 0 |
_aEconomia _vFinanzas _985383 |
|
| 650 | 0 |
_aFinanzas _9641 _vFinanzas |
|
| 700 | 1 | 2 |
_aGallego, Santiago, _d1956- _972065 |
| 910 | _aValidado. Control de Calidad/MAA | ||
| 942 |
_2ddc _cLBS1 |
||
| 999 |
_c43562 _d43562 |
||